Canadian Area Codes Quiz Stats

 Plays Quiz not verified by Sporcle

Also try: 'N' States Blitz
Challenge
Share
Tweet
Embed
Score 0/20 Timer 05:00
0 Plays Today
Province/Region Area code % Correct
Toronto416
86.2%
Toronto suburbs905
77.2%
Ottawa area613
71.5%
Montreal514
69.9%
Vancouver area604
69.1%
SW Ontario519
65%
P.E.I./Nova Scotia902
60.2%
Northern Alberta780
60.2%
Manitoba204
58.5%
NE Ontario705
56.9%
Province/Region Area code % Correct
Southern Alberta403
56.1%
Newfoundland709
52.8%
Saskatchewan306
52%
British Columbia (most)250
52%
New Brunswick506
47.2%
NW Quebec819
45.5%
NE Quebec418
42.3%
Montreal suburbs450
41.5%
Yukon, NWT, Nunavut867
40.7%
NW Ontario807
38.2%

You're not logged in!

Compare scores with friends on all Sporcle quizzes.
OR
Log In

You Might Also Like...

Show Comments

Extras

Top Quizzes Today


Score Distribution

Your Account Isn't Verified!

In order to create a playlist on Sporcle, you need to verify the email address you used during registration. Go to your Sporcle Settings to finish the process.

Report this User

Report this user for behavior that violates our Community Guidelines.

Details: